| 000 | 01119nas a2200361 4500 | ||
|---|---|---|---|
| 001 | BR8706612 | ||
| 003 | BR-BrBNA | ||
| 005 | 20231205090900.0 | ||
| 007 | ta | ||
| 008 | 230509b bl.|||p| |||| 00| 00por d | ||
| 040 |
_aBR-BrBNA _bpor _cBiblioteca Nacional de Agricultura |
||
| 041 | _a(Pt) | ||
| 072 | _aF04; H10 | ||
| 100 | 1 | _aZucato Filho, R. | |
| 100 | 1 | _aSousa, E.L.L. de | |
| 100 | 1 | _aCabraica Junior, L.C. | |
| 100 | 1 | _aBonifacio, C.D. | |
| 100 | 1 | _aCalafiori, M.H. | |
| 100 | 1 | _aTeixeira, N.T. | |
| 245 | 1 | _aInfluencia de adubacao organica e mineral sobre a populacao de pragas do feijao, Phaseolus vulgaris L. | |
| 246 | 1 | _aInfluence of organic and mineral fertilization on pests of beans, Phaseolus vulgaris L. | |
| 650 | _aFEIJAO | ||
| 650 | _aFERTILIZANTE | ||
| 650 | _aADUBO ORGÂNICO | ||
| 650 | _aTRIPS | ||
| 650 | _aCIGARRINHA | ||
| 650 | _aVAQUINHA | ||
| 650 | _aMOSCA MINADORA | ||
| 650 | _aMOSAICO DOURADO | ||
| 773 | 0 |
_tEcossistema (Brazil) _xISSN 0100-4107 _g(Oct 1985), v. 10 p. 139-144 _wBR8706612 |
|
| 909 |
_a202311 _bLúcia _c55 _dLúcia Elande |
||
| 942 |
_2AGRIS _n0 _cANA |
||
| 999 |
_c121418 _d121418 |
||